<?xml version="1.0" encoding="UTF-8"?>
<record
    xmlns:xsi="http://www.w3.org/2001/XMLSchema-instance"
    xsi:schemaLocation="http://www.loc.gov/MARC21/slim http://www.loc.gov/standards/marcxml/schema/MARC21slim.xsd"
    xmlns="http://www.loc.gov/MARC21/slim">

  <leader>00989nam a22002417a 4500</leader>
  <controlfield tag="001">86136</controlfield>
  <controlfield tag="003">BD-RjUL</controlfield>
  <controlfield tag="005">20260125122825.0</controlfield>
  <controlfield tag="008">260125s2016    b  ||||| |||| 00| 0 ara d</controlfield>
  <datafield tag="035" ind1=" " ind2=" ">
    <subfield code="a">(BD-RjUL)86136</subfield>
  </datafield>
  <datafield tag="040" ind1=" " ind2=" ">
    <subfield code="a">BD-RjUL</subfield>
    <subfield code="b">eng</subfield>
    <subfield code="c">BD-RjUL</subfield>
  </datafield>
  <datafield tag="041" ind1=" " ind2=" ">
    <subfield code="a">ara</subfield>
  </datafield>
  <datafield tag="082" ind1=" " ind2=" ">
    <subfield code="2">23</subfield>
    <subfield code="a">297.14</subfield>
    <subfield code="b">ISA 2016</subfield>
  </datafield>
  <datafield tag="100" ind1=" " ind2=" ">
    <subfield code="a"> &#x627;&#x644;&#x625;&#x633;&#x644;&#x627;&#x645;&#x61B;  &#x645;&#x62D;&#x645;&#x62F; &#x631;&#x641;&#x64A;&#x642;  ;; al'iislami; muhamad rafiq ;</subfield>
    <subfield code="9">17632</subfield>
  </datafield>
  <datafield tag="245" ind1=" " ind2=" ">
    <subfield code="a">&#x627;&#x644;&#x627;&#x62F;&#x644;&#x629; &#x627;&#x644;&#x642;&#x627;&#x637;&#x639;&#x629; &#x639;&#x644;&#x649; &#x62E;&#x627;&#x62A;&#x645;  &#x627;&#x644;&#x646;&#x628;&#x648;&#x629; ;; aladilat alqatieat alaa khatam alnubua /</subfield>
    <subfield code="c">&#x645;&#x62D;&#x645;&#x62F; &#x631;&#x641;&#x64A;&#x642; &#x627;&#x644;&#x625;&#x633;&#x644;&#x627;&#x645; &#x61B; &#x62A;&#x631;&#x62A;&#x64A;&#x628; &#x648;&#x645;&#x631;&#x627;&#x62C;&#x639;&#x647; &#x645;&#x62D;&#x645;&#x62F; &#x628;&#x644;&#x627;&#x644; &#x62D;&#x633;&#x64A;&#x646; ;; Muhammad Rafiq al-Islam; arranged and reviewed by Muhammad Bilal Hussain.</subfield>
  </datafield>
  <datafield tag="260" ind1=" " ind2=" ">
    <subfield code="a">Rajshahi :</subfield>
    <subfield code="c">2016</subfield>
  </datafield>
  <datafield tag="300" ind1=" " ind2=" ">
    <subfield code="a">86 p. ;</subfield>
    <subfield code="c">21 cm</subfield>
  </datafield>
  <datafield tag="650" ind1=" " ind2=" ">
    <subfield code="a">&#x62E;&#x627;&#x62A;&#x645; &#x627;&#x644;&#x646;&#x628;&#x648;&#x629;</subfield>
    <subfield code="9">17633</subfield>
  </datafield>
  <datafield tag="650" ind1=" " ind2=" ">
    <subfield code="a">&#x627;&#x644;&#x639;&#x642;&#x64A;&#x62F;&#x629; &#x627;&#x644;&#x625;&#x633;&#x644;&#x627;&#x645;&#x64A;&#x629; </subfield>
    <subfield code="9">17634</subfield>
  </datafield>
  <datafield tag="650" ind1=" " ind2=" ">
    <subfield code="a"> &#x646;&#x628;&#x648;&#x629; &#x645;&#x62D;&#x645;&#x62F;</subfield>
    <subfield code="9">17635</subfield>
  </datafield>
  <datafield tag="700" ind1=" " ind2=" ">
    <subfield code="a">&#x62D;&#x633;&#x64A;&#x646;, &#x645;&#x62D;&#x645;&#x62F; &#x628;&#x644;&#x627;&#x644; ;; Hussein, Muhammad Bilal</subfield>
    <subfield code="9">17636</subfield>
  </datafield>
  <datafield tag="942" ind1=" " ind2=" ">
    <subfield code="2">ddc</subfield>
    <subfield code="c">BK</subfield>
  </datafield>
  <datafield tag="999" ind1=" " ind2=" ">
    <subfield code="c">86136</subfield>
    <subfield code="d">86136</subfield>
  </datafield>
  <datafield tag="952" ind1=" " ind2=" ">
    <subfield code="0">0</subfield>
    <subfield code="1">0</subfield>
    <subfield code="2">ddc</subfield>
    <subfield code="4">0</subfield>
    <subfield code="7">1</subfield>
    <subfield code="8">NFIC</subfield>
    <subfield code="a">RUCL</subfield>
    <subfield code="b">RUCL</subfield>
    <subfield code="c">GEN</subfield>
    <subfield code="d">2026-01-19</subfield>
    <subfield code="e">author</subfield>
    <subfield code="g">153.00</subfield>
    <subfield code="o">A 297.14 ISA 2016</subfield>
    <subfield code="r">2026-01-25 00:00:00</subfield>
    <subfield code="t">C-1</subfield>
    <subfield code="y">BK</subfield>
  </datafield>
  <datafield tag="952" ind1=" " ind2=" ">
    <subfield code="0">0</subfield>
    <subfield code="1">0</subfield>
    <subfield code="2">ddc</subfield>
    <subfield code="4">0</subfield>
    <subfield code="7">0</subfield>
    <subfield code="8">NFIC</subfield>
    <subfield code="a">RUCL</subfield>
    <subfield code="b">RUCL</subfield>
    <subfield code="c">GEN</subfield>
    <subfield code="d">2026-01-19</subfield>
    <subfield code="e">author</subfield>
    <subfield code="g">153.00</subfield>
    <subfield code="o">A 297.14 ISA 2016</subfield>
    <subfield code="r">2026-01-25 00:00:00</subfield>
    <subfield code="t">C-2</subfield>
    <subfield code="y">BK</subfield>
  </datafield>
  <datafield tag="952" ind1=" " ind2=" ">
    <subfield code="0">0</subfield>
    <subfield code="1">0</subfield>
    <subfield code="2">ddc</subfield>
    <subfield code="4">0</subfield>
    <subfield code="7">0</subfield>
    <subfield code="8">NFIC</subfield>
    <subfield code="a">RUCL</subfield>
    <subfield code="b">RUCL</subfield>
    <subfield code="c">GEN</subfield>
    <subfield code="d">2026-01-19</subfield>
    <subfield code="e">author</subfield>
    <subfield code="g">153.00</subfield>
    <subfield code="o">A 297.14 ISA 2016</subfield>
    <subfield code="r">2026-01-25 00:00:00</subfield>
    <subfield code="t">C-3</subfield>
    <subfield code="y">BK</subfield>
  </datafield>
  <datafield tag="952" ind1=" " ind2=" ">
    <subfield code="0">0</subfield>
    <subfield code="1">0</subfield>
    <subfield code="2">ddc</subfield>
    <subfield code="4">0</subfield>
    <subfield code="7">0</subfield>
    <subfield code="8">NFIC</subfield>
    <subfield code="a">RUCL</subfield>
    <subfield code="b">RUCL</subfield>
    <subfield code="c">GEN</subfield>
    <subfield code="d">2026-01-19</subfield>
    <subfield code="e">author</subfield>
    <subfield code="g">153.00</subfield>
    <subfield code="o">A 297.14 ISA 2016</subfield>
    <subfield code="r">2026-01-25 00:00:00</subfield>
    <subfield code="t">C-4</subfield>
    <subfield code="y">BK</subfield>
  </datafield>
  <datafield tag="952" ind1=" " ind2=" ">
    <subfield code="0">0</subfield>
    <subfield code="1">0</subfield>
    <subfield code="2">ddc</subfield>
    <subfield code="4">0</subfield>
    <subfield code="7">0</subfield>
    <subfield code="8">NFIC</subfield>
    <subfield code="a">RUCL</subfield>
    <subfield code="b">RUCL</subfield>
    <subfield code="c">GEN</subfield>
    <subfield code="d">2026-01-19</subfield>
    <subfield code="e">author</subfield>
    <subfield code="g">153.00</subfield>
    <subfield code="o">A 297.14 ISA 2016</subfield>
    <subfield code="r">2026-01-25 00:00:00</subfield>
    <subfield code="t">C-5</subfield>
    <subfield code="y">BK</subfield>
  </datafield>
</record>
